| 000 | 00940nmm a2200253 a 4500 | ||
|---|---|---|---|
| 001 | ocm000701651 | ||
| 003 | TR-IsHL | ||
| 005 | 20201028134425.0 | ||
| 008 | 131121s1996 tu tur | ||
| 007 | cr cn | ||
| 035 |
_a701651 _b(N$T) |
||
| 050 | 0 | 4 |
_aHF5548.2 _b.G86 1996 |
| 090 | 0 | 4 |
_aHF5548.2 _b.G86 1996 |
| 245 | 1 | 0 |
_aGümrük Birliği' nde KOBİ' lerin rekabet gücü ve sınai işbirliği olanakları semineri, 13 Aralık 1995 _h[electronic resource] / _cİstanbul Ticaret Odası |
| 260 |
_aİstanbul : _bİstanbul Ticaret Odası, _c1996 |
||
| 300 | _a78 p. | ||
| 650 | 4 | _aEkonomi ve Finans | |
| 650 | 4 | _aEconomics and Finance | |
| 650 | 0 | _aKüçük işletmeler | |
| 650 | 0 | _aSmall business | |
| 650 | 7 |
_aBUSINESS & ECONOMICS / E-Commerce / Auctions & Small Business _2bisacsh |
|
| 700 | 1 | _aİstanbul Ticaret Odası | |
| 856 | 4 | 0 | _uhttp://search.ebscohost.com/login.aspx?direct=true&scope=site&db=e011xww&AN=701651 |
| 999 |
_c6185 _d6185 |
||